| 000 | 00454nam a22001457a 4500 | ||
|---|---|---|---|
| 020 | _qHard Cover. | ||
| 040 | _cNUST. | ||
| 082 |
_a004 _bTAH |
||
| 100 |
_aHafsa Tahir. _989159 |
||
| 245 |
_aForce feedback for Collision Avoidance in UAV Teleoperation through Virtual Corridors / _cTahir, Fafsa |
||
| 260 |
_aIslamabad: _bRCMS-NUST, _c2022. |
||
| 300 |
_a45 p. : _bill. ; _c30cm. |
||
| 650 | _2MS-Computational Science and Engineering. | ||
| 942 |
_2ddc _cTHE |
||
| 999 |
_c587979 _d587979 |
||